| 000 | 00977cam a2200313 a 4500 | ||
|---|---|---|---|
| 999 |
_c2203 _d2203 |
||
| 001 | 0044 | ||
| 003 | OSt | ||
| 005 | 20230328103741.0 | ||
| 008 | 220601s2009 enka b 000 j eng d | ||
| 020 |
_a9781842709504 _q(paperback) : |
||
| 040 |
_aTWTCL _beng _cTWTCL _eaacr _dKH8 |
||
| 041 | 0 | _aeng | |
| 042 | _anbic | ||
| 082 | 0 | _a823.92 MCK | |
| 100 | 1 |
_aMcKee, David, _d1935- _eauthor |
|
| 245 | 1 | 0 |
_aElmer and Wilbur / _cby David McKee. |
| 264 | 1 |
_aLondon : _bAndersen Press Ltd., _c2009. |
|
| 300 |
_a[24] pages : _bcolor illustration ; _c28 cm. |
||
| 336 |
_atext _btxt _2rdacontent. |
||
| 337 |
_aunmediated _bn _2rdamedia. |
||
| 338 |
_avolume _bnc _2rdacarrier. |
||
| 490 | 1 | _aElmer ten classic picture books. | |
| 650 | 0 |
_aElephants _vJuvenile sound recordings. |
|
| 650 | 0 |
_aVentriloquism _vJuvenile sound recordings. |
|
| 650 | 0 |
_aCousins _xJuvenile fiction. |
|
| 653 | _aEnglish Learning. | ||
| 830 | 0 | _aElmer ten classic picture books. | |
| 942 |
_2ddc _cNFIC |
||